000 01145nam a2200265Ia 4500
001 242.1-FRA sa in (14381)
003 IT-MiSPE
008 171229s9999||||xx |||||||||||||| ||und||
040 _aIT-MiSPE
_cIT-MiSPE
041 _aITALIANO
100 _aFrancesco di Sales (François de Sales)
_gsanto
240 _aIntroduction à la vie dévote
245 0 _aIntroduzione alla vita devota
250 _a1a ed. (v)
260 _aMilano
_bRizzoli
_c1986
300 _a423 p.
_c18 cm
490 _aBUR
_v L538
501 _aEdizioni San Paolo srl - Piazza Soncino, 5 - 20092 CINISELLO BALSAMO (MI) (non commercial uses only) ® Copyright 2018
520 _aHenri Bremond (saggio)
700 _aBenedetta Papasogli
700 _aNanda Montresor Colombo
_g(traduzione)
942 _cBK
957 _71
999 _a755
_bNO
_g Copie: 1
_c342048
_d342048